|
|
|
|
| LEADER |
00000nam a2200000 4500 |
| 003 |
cru INIE |
| 005 |
20200130193450.0 |
| 008 |
180223b2017 m ||||| |||| 00| | spa d |
| 999 |
|
|
|c 3481
|d 3481
|
| 040 |
|
|
|c cru INIE
|
| 090 |
|
|
|a 18.09.01
|b 2451
|
| 110 |
2 |
|
|9 1392
|a Instituto Nacional para la Evaluación de la Educación (México)
|
| 245 |
|
|
|a Una radiografía del programa de mediano plazo del sistema nacional de evaluación educativa 2016 - 2020: Suplemento para la toma de decisiones /
|c INEE
|
| 260 |
|
|
|a México:
|b INEE,
|c 2017
|
| 300 |
|
|
|a 62 páginas
|
| 500 |
|
|
|a Suplemento para la toma de decisiones. Edición especial de la Gaceta de la Política Nacional de Evaluación Educativa en México. No.8 (julio-octubre, 2017).
|
| 650 |
1 |
4 |
|9 451
|a POLÍTICA EDUCATIVA
|
| 651 |
|
4 |
|9 19
|a MÉXICO
|
| 942 |
|
|
|i 004410
|h 18.09.01 2451
|2 z
|c 01
|